Jurisprudence and legal theory (Record no. 61584)

MARC details
000 -LEADER
fixed length control field 00388nam a2200157Ia 4500
008 - FIXED-LENGTH DATA ELEMENTS--GENERAL INFORMATION
fixed length control field 230917s9999||||xx |||||||||||||| ||und||
040 ## - CATALOGING SOURCE
-- 80368
Original cataloging agency VIVEKANANDA LIBRARY
041 ## - Language
-- English
082 ## - DDC NUMBER
Classification number 340.1 P644J
100 ## - MAIN ENTRY--PERSONAL NAME
Personal name Pillai, P S Atchuthen
245 #0 - TITLE STATEMENT
Title Jurisprudence and legal theory
250 ## - EDITION STATEMENT
Edition statement 3rd ed.
260 ## - PUBLICATION, DISTRIBUTION, ETC. (IMPRINT)
Place of publication, distribution, etc Lucknow
Name of publisher, distributor, etc Eastern Book
Date of publication, distribution, etc 1994
300 ## - PHYSICAL DESCRIPTION
Pages xiv, 341 p.
942 ## - ADDED ENTRY ELEMENTS (KOHA)
Koha item type Books
Holdings
Withdrawn status Lost status Damaged status Not for loan Location (home branch) Sublocation or collection (holding branch) Date acquired Koha issues (times borrowed) Koha full call number Accession No. Koha date last seen Koha item type
        VIVEKANANDA LIBRARY VIVEKANANDA LIBRARY 11/03/2003   340.1 P644J 132838 17/09/2023 Books
        VIVEKANANDA LIBRARY VIVEKANANDA LIBRARY 11/03/2003   340.1 P644J 151092 17/09/2023 Books
© Designed and Maintained by Vivekananda Library, MDU Rohtak